000 00864nam a22001457a 4500
008 110620t xxu||||| |||| 00| 0 eng d
010 _aCACAF60
245 _aCourt of Appeal Civil Appeal No. 31 OF 2001 Uganda Commercial Bank Ltd Vs Yerusa Nabudere and another
260 _c2001
500 _aCoram: Hon. Justice A.E.N. Mpagi-Bahigeine, JA Hon. Justice S.G. Engwau, JA Hon. Justice A. Twinomujuni, JA
500 _aAppeal arising from the Judgement and Orders of the High Court at Mbale Kania, J dated 7.4.99 in HCCS No. 17 of 1996
999 _c3286
_d3286